000 00858nam a22002657i 4500
003 OSt
005 20240412074308.0
007 ta
008 201204b 2009 dr 00| 0 eng d
040 _aDO-SdBNP
_bspa
_cBNPHU
_erda
082 4 _aRD861.44
_bR696a
_222
100 1 _aRodríguez Ramírez, Nicolás
_911163
_d1963-
245 1 0 _aAmores y resabios /
_cNicolás Rodríguez Ramírez ; presentación José de Rosamantes.
264 _aSanto Domingo :
_b[s. l.]
_c2009.
300 _a97 páginas ;
_c22 cm.
336 _2rdacontent
_atexto
_btxt
337 _2rdamedia
_asin mediación
_bn
338 _2rdacarrier
_avolumen
_bnc
590 _aInventariado, 2020 /LP
650 4 _aPoesía dominicana
_977523
650 0 _aLiteratura dominicana.
_967
700 1 _aRosamantes, José de,
_910781
910 _aValidado. Control de calidad MFF
942 _2ddc
_cLBS1
999 _c49241
_d49241